<?xml version="1.0" encoding="UTF-8"?>
<record
    xmlns:xsi="http://www.w3.org/2001/XMLSchema-instance"
    xsi:schemaLocation="http://www.loc.gov/MARC21/slim http://www.loc.gov/standards/marcxml/schema/MARC21slim.xsd"
    xmlns="http://www.loc.gov/MARC21/slim">

  <leader>01150nam2a22002651  4500</leader>
  <controlfield tag="001">RU\NLR\A1SV\157505</controlfield>
  <controlfield tag="005">20251214193235.0</controlfield>
  <datafield tag="035" ind1=" " ind2=" ">
    <subfield code="a">(NLR Aleph) 012595132</subfield>
  </datafield>
  <datafield tag="090" ind1=" " ind2=" ">
    <subfield code="a">13494528</subfield>
    <subfield code="c">13494528</subfield>
  </datafield>
  <datafield tag="100" ind1=" " ind2=" ">
    <subfield code="a">20210906d1926    u  y0rusy50      ca</subfield>
  </datafield>
  <datafield tag="101" ind1="0" ind2=" ">
    <subfield code="a">rus</subfield>
  </datafield>
  <datafield tag="200" ind1="1" ind2=" ">
    <subfield code="a">... &#x412;&#x44B;&#x441;&#x448;&#x435;&#x439; &#x43C;&#x430;&#x442;&#x435;&#x43C;&#x430;&#x442;&#x438;&#x43A;&#x435;</subfield>
    <subfield code="e">II &#x43A;&#x443;&#x440;&#x441;</subfield>
    <subfield code="f">&#x41F;&#x440;&#x43E;&#x444;. &#x417;&#x44B;&#x43B;&#x435;&#x432;</subfield>
  </datafield>
  <datafield tag="215" ind1=" " ind2=" ">
    <subfield code="a">4 &#x441;.</subfield>
  </datafield>
  <datafield tag="300" ind1=" " ind2=" ">
    <subfield code="a">&#x418;&#x437;&#x43C;. &#x437;&#x430;&#x433;&#x43B;.: &#x41F;&#x440;&#x43E;&#x433;&#x440;&#x430;&#x43C;&#x43C;&#x430; &#x43B;&#x435;&#x43A;&#x446;&#x438;&#x439; &#x438; &#x433;&#x440;&#x443;&#x43F;&#x43F;&#x43E;&#x432;&#x44B;&#x445; &#x437;&#x430;&#x43D;&#x44F;&#x442;&#x438;&#x439; &#x43F;&#x43E;...</subfield>
  </datafield>
  <datafield tag="300" ind1=" " ind2=" ">
    <subfield code="a">&#x410;&#x432;&#x442;. &#x443;&#x43A;&#x430;&#x437;&#x430;&#x43D; &#x43A; &#x43A;&#x43E;&#x43D;&#x446;&#x435; &#x442;&#x435;&#x43A;&#x441;&#x442;&#x430;</subfield>
  </datafield>
  <datafield tag="320" ind1=" " ind2=" ">
    <subfield code="a">&#x411;&#x438;&#x431;&#x43B;&#x438;&#x43E;&#x433;&#x440;.: &#x441;.4</subfield>
  </datafield>
  <datafield tag="461" ind1=" " ind2="1">
    <subfield code="1">001RU\NLR\A1SV\157494</subfield>
    <subfield code="9">12564432</subfield>
    <subfield code="a">&#x41C;&#x43E;&#x441;&#x43A;&#x43E;&#x432;&#x441;&#x43A;&#x438;&#x439; &#x438;&#x43D;-&#x442; &#x438;&#x43D;&#x436;&#x435;&#x43D;&#x435;&#x440;&#x43E;&#x432; &#x442;&#x440;&#x430;&#x43D;&#x441;&#x43F;&#x43E;&#x440;&#x442;&#x430;. &#x42D;&#x43A;&#x441;&#x43F;&#x43B;&#x443;&#x430;&#x442;&#x430;&#x446;&#x438;&#x43E;&#x43D;&#x43D;&#x44B;&#x439; &#x444;&#x430;&#x43A;&#x443;&#x43B;&#x44C;&#x442;&#x435;&#x442;</subfield>
    <subfield code="c">[&#x41C;.]</subfield>
    <subfield code="d">[1926]</subfield>
    <subfield code="f">&#x41C;&#x418;&#x418;&#x422;. &#x42D;&#x43A;&#x441;&#x43F;&#x43B;&#x443;&#x430;&#x442;&#x430;&#x446;. &#x444;&#x430;&#x43A;.</subfield>
    <subfield code="n">&#x422;&#x438;&#x43F;. "&#x427;&#x438;&#x441;&#x442;&#x430;&#x44F; &#x43F;&#x435;&#x447;&#x430;&#x442;&#x44C;"</subfield>
    <subfield code="o">(&#x410;&#x432;&#x442;.-&#x441;&#x435;&#x43D;&#x442;. 1926 &#x433;.)</subfield>
    <subfield code="t">&#x41F;&#x440;&#x43E;&#x433;&#x440;&#x430;&#x43C;&#x43C;&#x430; &#x43F;&#x43E; &#x43A;&#x443;&#x440;&#x441;&#x443;...</subfield>
  </datafield>
  <datafield tag="512" ind1="1" ind2=" ">
    <subfield code="a">&#x41F;&#x440;&#x43E;&#x433;&#x440;&#x430;&#x43C;&#x43C;&#x430; &#x43B;&#x435;&#x43A;&#x446;&#x438;&#x439; &#x438; &#x433;&#x440;&#x443;&#x43F;&#x43F;&#x43E;&#x432;&#x44B;&#x445; &#x437;&#x430;&#x43D;&#x44F;&#x442;&#x438;&#x439; &#x43F;&#x43E;...</subfield>
  </datafield>
  <datafield tag="801" ind1=" " ind2="0">
    <subfield code="a">RU</subfield>
    <subfield code="b">NLR</subfield>
    <subfield code="c">20210906</subfield>
  </datafield>
  <datafield tag="899" ind1=" " ind2=" ">
    <subfield code="a">&#x420;&#x413;&#x411;</subfield>
  </datafield>
  <datafield tag="899" ind1=" " ind2=" ">
    <subfield code="a">&#x420;&#x413;&#x411;</subfield>
  </datafield>
  <datafield tag="942" ind1=" " ind2=" ">
    <subfield code="c">BOOK</subfield>
  </datafield>
  <datafield tag="980" ind1=" " ind2=" ">
    <subfield code="a">A1SV</subfield>
  </datafield>
  <datafield tag="980" ind1=" " ind2=" ">
    <subfield code="a">NB</subfield>
  </datafield>
</record>
